Las edades de Lulú / (Record no. 7041)

MARC details
000 -LEADER
campo de control de longitud fija 01512nam a2200265 i 4500
001 - NÚMERO DE CONTROL
campo de control 7041
003 - IDENTIFICADOR DE NÚMERO DE CONTROL
campo de control ES-MaACL
005 - FECHA Y HORA DE LA ÚLTIMA TRANSACCIÓN
campo de control 20250804062639.0
008 - DATOS DE LONGITUD FIJA--INFORMACIÓN GENERAL
campo de control de longitud fija 900724s1990 sp ||||1| spa d
020 ## - NÚMERO INTERNACIONAL ESTÁNDAR DEL LIBRO
Número Internacional Estándar del Libro 84-7223-364-2
080 ## - NÚMERO DE LA CLASIFICACIÓN DECIMAL UNIVERSAL
Número de la Clasificación Decimal Universal 821.134.2-993"19"
100 1# - ENTRADA PRINCIPAL--NOMBRE DE PERSONA
Nombre de persona Grandes, Almudena,
Fechas asociadas al nombre 1960-2021
9 (RLIN) 59600
245 14 - MENCIÓN DEL TÍTULO
Título Las edades de Lulú /
Mención de responsabilidad, etc. Almudena Grandes.
250 ## - MENCION DE EDICION
Mención de edición 13ª ed.
260 ## - PUBLICACIÓN, DISTRIBUCIÓN, ETC.
Lugar de publicación, distribución, etc. Barcelona :
Nombre del editor, distribuidor, etc. Tusquets,
Fecha de publicación, distribución, etc. 1990.
300 ## - DESCRIPCIÓN FÍSICA
Extensión 260 p. ;
Dimensiones 20 cm.
490 1# - MENCIÓN DE SERIE
Mención de serie La sonrisa vertical ;
Designación de volumen o secuencia 61
520 ## - RESUMEN, ETC.
Sumario, etc. Sumida todavía en los temores de una infancia carente de afecto, Lulú, una niña de quince años, sucumbe a la atracción que ejerce sobre ella un joven, amigo de la familia, a quien hasta entonces ella había deseado vagamente. Después de esta primera experiencia, Lulú, niña eterna, alimenta durante años, en solitario, el fantasma de aquel hombre que acaba por aceptar el desafío de prolongar indefinidamente, en su peculiar relación sexual, el juego amoroso de la niñez. Crea para ella un mundo aparte, un universo privado donde el tiempo pierde valor. Pero el sortilegio arriesgado de vivir fuera de la realidad se rompe bruscamente un día, cuando Lulú, ya con treinta años, se precipita, indefensa pero febrilmente, en el infierno de los deseos peligrosos.
586 ## - NOTA DE PREMIOS
Nota de premios XI Premio La sonrisa vertical
655 #0 - TERMINO DE INDIZACIÓN--GENERO/FORMA
Datos o término principal de género/forma Novelas
9 (RLIN) 234319
830 1# - PUNTO DE ACCESO ADICIONAL DE SERIE-TÍTULO UNIFORME
Título uniforme La sonrisa vertical ;
Designación de volumen o secuencia 61
9 (RLIN) 180622
852 4# - LOCALIZACIÓN
Ubicación ES-MaACL
Número de control de estantería L-14199
942 ## - ELEMENTOS DE ENTRADA SECUNDARIOS (KOHA)
Fuente del sistema de clasificación o colocación Clasificación decimal universal
Holdings
Estatus retirado Estado de pérdida Estado de daño No para préstamo Biblioteca de origen Biblioteca actual Ubicación en estantería Fecha de adquisición Fuente de adquisición Total de préstamos Signatura topográfica completa Código de barras Visto por última vez Precio de reemplazo Tipo de ítem Koha
        Biblioteca del Ateneo de Madrid Biblioteca del Ateneo de Madrid Depósito 2 17/01/2008     L-14199 1007178 23/02/2023 23/02/2023 Libro impreso